Périphrase : Désignant les langues - Statistiques

Statistiques générales
  • Ce quiz a été pris 56 fois
  • Le résultat moyen est 15 sur 18
Statistiques - réponses
Hint Réponse % Correct
La langue de Shakespeare; la langue du commerce Anglais
100%
La langue de Molière; la langue de Voltaire; la langue de la diplomatie Français
100%
La langue de Pouchkine; la langue de Tolstoï Russe
100%
La langue du Coran Arabe
98%
La langue de Goethe; la langue de l'industrie Allemand
96%
La Langue de Cicéron; la langue de Virgile; la langue de l'Église Latin
96%
La langue d'Homère Grec
94%
La langue de Dante; la langue de l'Amour Italien
89%
La langue de Cervantes; la langue de la Passion Espagnol
87%
La langue de Confucius Chinois
81%
La langue de l'Ancien Testament Hébreu
78%
La langue de Mickiewicz Polonais
74%
La langue de Mishima Japonais
72%
La langue d'Eminescu Roumain
67%
La langue des Chevtchenko Ukrainien
67%
La langue de Camoes Portugais
61%
La langue de Strindberg Suédois
57%
La langue de Vondel Néerlandais
54%
Aucun quiz correspondant
Distribution des résultats
% des personnes avec chaque résultat
Percentile par nombre de réponses
Votre historique - résultats
Vous n’avez pas pris ce quiz